Situación y perceptivas de la agroindustria en El Salvador /

Condiciones sociales y económicas del sector agroindustrial en EL Salvador. Presenta un diagnostico de la situación actual de la agroindustria, analizando los sectores agropecuario e industrial. Esboza lo que se ha llamado un desarrollo rural integrado, lo cual se considera como la unica política pa...

תיאור מלא

שמור ב:
מידע ביבליוגרפי
מחבר ראשי: Onate Leer, Mauricio Alberto
פורמט: Tesis
יצא לאור: San Salvador: Universidad Centroamericana José Simeón Cañas
נושאים:
תגים: הוספת תג
אין תגיות, היה/י הראשונ/ה לתייג את הרשומה!

MARC

LEADER 00000 a a2200000 04500
001 20087
003
040 |a CRAI/IIS  |c CRAI/IIS 
090 |a 08253.00  
100 |a Onate Leer, Mauricio Alberto  
245 |a Situación y perceptivas de la agroindustria en El Salvador /  |c Mauricio Alberto Onate Leer 
260 |a San Salvador:   |b Universidad Centroamericana José Simeón Cañas  
300 |a 105 páginas  
502 |a Tesis (Licenciado en Economía) -- Universidad Centroamericana José Simeón Cañas. Facultad de Ciencias Económicas. Escuela de Economía, 1976  
520 |a Condiciones sociales y económicas del sector agroindustrial en EL Salvador. Presenta un diagnostico de la situación actual de la agroindustria, analizando los sectores agropecuario e industrial. Esboza lo que se ha llamado un desarrollo rural integrado, lo cual se considera como la unica política para la solución d los problemas socioeconómicos de la población rural. Cuantifica los déficits de alimentos que deberían ser producidos mediante un desarrollo agroindustrial, así como el posible incremento de ocupación en el campo, generado por el desarrollo industrial./ACM  
650 |a EL SALVADOR  
650 |a AGROINDUSTRIA  
650 |a SECTOR AGROPECUARIO  
650 |a SECTOR INDUSTRIAL  
999 |c 18000  |d 18000